Amazon Web Services in Action (Record no. 7153)
[ view plain ]
| 000 -LEADER | |
|---|---|
| fixed length control field | 00358nam a2200157Ia 4500 |
| 003 - CONTROL NUMBER IDENTIFIER | |
| control field | OSt |
| 008 - FIXED-LENGTH DATA ELEMENTS--GENERAL INFORMATION | |
| fixed length control field | 191201s2019 xx 000 0 und d |
| 020 ## - INTERNATIONAL STANDARD BOOK NUMBER | |
| International Standard Book Number | 978-9351198758 |
| 082 ## - DEWEY DECIMAL CLASSIFICATION NUMBER | |
| Classification number | 006.78 |
| Item number | WIA |
| 100 ## - MAIN ENTRY--PERSONAL NAME | |
| Personal name | WITTIG, Andreas |
| 245 #0 - TITLE STATEMENT | |
| Title | Amazon Web Services in Action |
| 260 ## - PUBLICATION, DISTRIBUTION, ETC. (IMPRINT) | |
| Name of publisher, distributor, etc | Dream tech |
| 300 ## - PHYSICAL DESCRIPTION | |
| Extent | 899 |
| 650 ## - SUBJECT ADDED ENTRY--TOPICAL TERM | |
| Topical term or geographic name as entry element | B.Tech(CSE) |
| 942 ## - ADDED ENTRY ELEMENTS (KOHA) | |
| Source of classification or shelving scheme | Dewey Decimal Classification |
| Koha item type | Text Books |
| Withdrawn status | Lost status | Source of classification or shelving scheme | Damaged status | Not for loan | Collection code | Home library | Current library | Date acquired | Source of acquisition | Cost, normal purchase price | Bill Number | Total Checkouts | Full call number | Acc. no. / Barcode | Date last seen | Actual Cost, discounted price | Bill Date | Koha item type |
|---|---|---|---|---|---|---|---|---|---|---|---|---|---|---|---|---|---|---|
| Dewey Decimal Classification | B.Tech(CSE) | PIET C-LIBRARY | PIET C-LIBRARY | 21/07/2020 | Nandani Book shop | 899.00 | 1892 | 006.78 WIA | 31520 | 04/12/2019 | 719.20 | 05/06/2019 | Reference Books |